VÝROBA MLÉKARENSKÝCH VÝROBKŮ V ROCE 2001

Bibliographic Details
Main Author: Křivánek, M. (Author)
Format: Article
Language:Slovak
Czech

MARC

LEADER 00000nab a2200000 a 4500
001 vtls010718990
003 SK-MaSNL
005 20260304185723.0
008 250709s2002 xo |||||||||||||||||slo|
035 |a (urnnbn)urn:nbn:sk:snk:ar-a04pj8 
035 |a (uuid)b83874b4-1e53-4451-a506-be7865b7d8f2 
035 |a urn:nbn:sk:snk-ab3keb 
040 |a SNKBUCL  |b slo  |c SNKBUCL  |e AACR2 
041 0 |a cze 
044 |a xo  |c SK 
100 1 |a Křivánek, M.  |4 aut  |9 801151 
245 1 0 |a VÝROBA MLÉKARENSKÝCH VÝROBKŮ V ROCE 2001  |c M. Křivánek 
773 0 |t Mliekarstvo : bulletin pre internú potrebu výrobcov a spracovateľov mlieka  |g Roč. 33, č. 1 (2002), s. 20-23 
850 |a Slovenská národná knižnica 
852 |a Slovenská národná knižnica 
954 |a odborná, vedecká literatúra cudzojazyčná (svetová)  |2 lita 
958 |a article1 
958 |a OND 
958 |a EUIPO 
999 |c 3045607  |d 3047537